00681nam a2200169Ia 4500008004100000020001800041041000800059082001700067100001800084245014300102250000600245260006700251300001200318650002900330999001900359952013300378210716s2017 xx 000 0 und d a9789352135370 aeng a004.607 DIXJ aDixon, Jason. aMonitoring with graphite: tracking dynamic host and application metrics at scale.bTracking dynamic host and application metrics at scale. a1 aNew DelhibShroff Publications and Distributers Pvt Ltdc2017 axiv,272 aWeb Design & Development c195944d195944 001040708MCAaAIMITbAIMITeShroff Publishersg775.00l0o004.607 DIXJpMCA15457r2025-07-21 00:00:00v581.25w2021-07-16yBK